| 000 | 00725pab a2200157 454500 | ||
|---|---|---|---|
| 008 | 180718b2002 xxu||||| |||| 00| 0 eng d | ||
| 100 | _aBhagat, R.B. | ||
| 245 | _aChallenges of rural urban classification for decentrlised governance | ||
| 260 | _c2002 | ||
| 300 | _ap.2413-416. | ||
| 362 | _a22 Jun | ||
| 520 | _aRural and urban areas under the new panchayat raj amendments will not only have to make their own plans but also generate some resources locally. This brings into sharp focus the many problems thrown up by the existing definitions of rural and urban areas which impinge on effective local governance. - Reproduced. | ||
| 650 | _aDecentralization | ||
| 773 | _aEconomic and Political Weekly | ||
| 909 | _a52855 | ||
| 999 |
_c52855 _d52855 |
||